000 00677 a2200253 4500
999 _c114685
_d114685
003 BJBSDDR
005 20230411090701.0
007 ta
008 220920b2017 spa||||| |||| 00| 0 spa d
020 _a9788494511370
040 _bspa
_cBJBSDDR
041 _aspa
050 _bR888 2017
100 1 _aRoy, Simon,
245 1 _aMi vida en rojo Kubrick/
_cSimon Roy; Regina Lp̤ez Muǫz
260 _aBarcelona :
_bAlpha Decay,
_c2017.
300 _a173 p.;
_c22 cm
490 _aHřoes modernos, 87.
500 _aTt̕. orig.: Ma vie en rouge Kubrick.
650 0 _aFamilia
_9281
700 1 _913120
_aLp̤ez Muǫz, Regina,
942 _2lcc
_cBK
946 _idpf